Sports Quiz

Random Sports Quiz

Knicks top 10 in major stat categories Quiz Stats

 Plays Quiz not verified by Sporcle

Challenge
Share
Tweet
Embed
Score 0/50 Timer 10:00
0 Plays Today
Hint Answer % Correct
23,665 pointsPatrick Ewing
98.7%
10,759 reboundsPatrick Ewing
98.7%
2,758 blocksPatrick Ewing
98.7%
1,061 stealsPatrick Ewing
98.7%
14,617 pointsWalt Frazier
88.1%
4,791 assistsWalt Frazier
88.1%
12,183 pointsWillis Reed
86.5%
8,414 reboundsWillis Reed
86.5%
11,165 pointsAllan Houston
82.9%
4,005 assistsMark Jackson
78.2%
7,291 reboundsCharles Oakley
74.3%
844 stealsCharles Oakley
74.3%
4,598 reboundsWalt Frazier
66.5%
589 stealsWalt Frazier
66.5%
2,394 assistsJohn Starks
61.6%
711 stealsJohn Starks
61.6%
720 stealsMark Jackson
59.5%
9,679 pointsEarl Monroe
53%
744 stealsCharlie Ward
50.4%
376 blocksMarcus Camby
47.3%
9,217 pointsBill Bradley
47%
2,533 assistsBill Bradley
47%
4,671 reboundsDave DeBusschere
45.2%
2,451 assistsCharlie Ward
42.1%
463 blocksKurt Thomas
39.2%
Hint Answer % Correct
543 blocksBill Cartwright
38.4%
810 stealsMicheal Ray Richardson
36.6%
750 stealsRay Williams
35.3%
9,006 pointsBill Cartwright
34.5%
2,725 assistsRichie Guerin
32.2%
2,244 assistsMicheal Ray Richardson
32.2%
4,183 reboundsKurt Thomas
31.7%
287 blocksCharlie Smith
31.2%
2,260 assistsRay Williams
29.6%
10,392 pointsRichie Guerin
29.4%
9,442 pointsDick Barnett
28.3%
10,449 pointsCarl Braun
24.7%
2,821 assistsCarl Braun
24.7%
2,950 assistsDick McGuire
23.9%
5,935 reboundsHarry Gallatin
22.6%
238 blocksBob McAdoo
20%
614 stealsGerald Wilkins
19.5%
5,008 reboundsWillie Naulls
13.8%
235 blocksKenny Walker
13.5%
541 blocksMarvin Webster
13%
634 stealsTrent Tucker
12.5%
4,831 reboundsJohnny Green
11.2%
210 blocksLonnie Shelton or Spencer Haywood
10.1%
4,066 reboundsNat Clifton
7.8%
250 blocksJohn Gianelli
3.1%

You're not logged in!

Compare scores with friends on all Sporcle quizzes.
Join for Free
OR
Log In

You Might Also Like...

Show Comments

Extras

Created Dec 11, 2010SourceReportNominate
Tags:New York Knicks

Top Quizzes Today


Score Distribution

Your Account Isn't Verified!

In order to create a playlist on Sporcle, you need to verify the email address you used during registration. Go to your Sporcle Settings to finish the process.

Report this User

Report this user for behavior that violates our Community Guidelines.

Details: